000 00392nam a22001217a 4500
999 _c15320
_d15320
082 _a631.37
_bBAI/MO
100 _aBAINU T. KUZHIVELY
_92970
245 _aModification and performance evaluation of six row rice transplanter for conventional seedlings
260 _aTavanur
_bKelappaji College of Agricultural Engineering and Technology
_c1990
300 _a85
500 _aThesis
942 _cTH